000 00762nam a2200265Ia 4500
003 OSt
005 20221006160011.0
006 a|||||r|||| 00| 0
007 ta
008 221006b |||||||| |||| 00| 0 eng d
020 _a9780822332671
_c
_25.95
024 _a44,033
037 _bGift, Korean Embassy (Window on Korea)
_cTextual
040 _aEASL
_cEASL
_beng
041 _2eng
_aeng
082 _aNW495, P4
100 _aKIM Kyung Hyun
_9671428
245 0 _aRemasculinization of korean cinema
260 _aDurham
_bDuke University Press
_c2004
300 _a343p.
_ccm.
490 _v KEL
650 _aKEL
942 _hNW495, P4
_cTEXL
_2CC
999 _c1112125
_d1112125